000 01050njm a22002657a 4500
005 20100906105212.0
007 sd ammalaaahaa
008 100830t xxu||||| |||| 00| 0 hin d
028 _aGE. 32316
_bColumbia
035 _aGR-828
040 _aSED/VEN
100 _917458
_aBhosle, Asha
245 _aAmar deep bhag 1 /
_cby Asha Bhosle & Mohd. Rafi ; music Rajender Krishan ; lyric C. Ramchandra
_h[Sound recording] :
246 _aअमर दीप (आशा भोसले)
260 _aDum Dum, India
_bColumbia
300 _a1 Sound disc [Gramophone Record] :
_banlog, 33 1/3 rpm
_c10 in (LP)
_fGramophone Records
500 _aBrief record
505 _aDekh hame awaj na dena Bhag 1 & 2 (देख हमें आवाज न देना) भाग 2
650 _aClasical music
_91186
_zIndia
_xExcerpts
700 _917459
_aMohd. Rafi
700 _917960
_aRajender Krishan
700 _aC. Ramchandra
_918488
942 _2ddc
_cGR
999 _c43887
_d43887